[Event "29. Torneo Collado Villalba 2012 - B"]
[Site "Collado Villalba ESP"]
[Date "2012.08.29"]
[Round "6.26"]
[White "Salgado Duarte, Pablo"]
[Black "Sanchez Ruiz, Justo"]
[Result "1/2-1/2"]
[WhiteElo "1564"]
[BlackElo "1750"]
[PlyCount "83"]
[EventDate "2012.08.24"]
[EventType "swiss"]
[EventRounds "9"]
[EventCountry "ESP"]
[Source "lmi"]
[SourceDate "2012.08.24"]

1. d4 f5 2. c4 Nf6 3. Nf3 e6 4. Nc3 d6 5. h3 Be7 6. Bf4 O-O 7. e3 Qe8 8. Bd3
Qh5 9. O-O Bd8 10. Qb3 Kh8 11. Rfe1 h6 12. e4 Nxe4 13. Nxe4 fxe4 14. Rxe4 Nc6
15. Bg3 Bf6 16. Be2 Qf7 17. Rd1 e5 18. dxe5 Nxe5 19. Rf1 Ng6 20. Re3 b6 21. Bd3
Bb7 22. Qc2 Ne7 23. b3 a5 24. Rfe1 Bxf3 25. Rxf3 Nc6 26. Re4 Nb4 27. Qd2 Nxd3
28. Qxd3 Qg6 29. Qd5 a4 30. b4 a3 31. Kh2 Ra4 32. b5 Qf7 33. Qxf7 Rxf7 34. Rfe3
Kh7 35. f3 Be5 36. Bxe5 dxe5 37. Rxe5 Rxc4 38. Rxa3 Rc2 39. Kg3 Rd7 40. Rae3
Rdd2 41. a3 Rxg2+ 42. Kf4 1/2-1/2

[Event "29. Torneo Collado Villalba 2012 - B"]
[Site "Collado Villalba ESP"]
[Date "2012.08.29"]
[Round "6.27"]
[White "Rincon Martin, Santiago"]
[Black "Orantes Sanz, Ricardo"]
[Result "0-1"]
[WhiteElo "1724"]
[BlackElo "1604"]
[PlyCount "78"]
[EventDate "2012.08.24"]
[EventType "swiss"]
[EventRounds "9"]
[EventCountry "ESP"]
[Source "lmi"]
[SourceDate "2012.08.24"]

1. d4 Nf6 2. Nf3 e6 3. c4 b6 4. Nc3 Bb7 5. Bg5 Bb4 6. e3 d6 7. Bd3 Nbd7 8. O-O
Bxc3 9. bxc3 Nf8 10. e4 h6 11. Bh4 Ng6 12. Bxf6 Qxf6 13. Qa4+ Kf8 14. Qd1 Nf4
15. g3 Qg6 16. Nh4 Qf6 17. d5 Re8 18. Qf3 Nxd3 19. Qxd3 g5 20. Ng2 e5 21. Ne3
Qf3 22. Rad1 Bc8 23. Nf5 Qxd3 24. Rxd3 Bxf5 25. exf5 g4 26. Kg2 Ke7 27. f3 Reg8
28. f4 f6 29. Re3 h5 30. h4 Kd7 31. Rfe1 Re8 32. fxe5 Rxe5 33. Rxe5 dxe5 34.
Kf2 Kd6 35. Ke3 Rd8 36. Rd1 Kc5 37. Kd3 b5 38. Kc2 Kxc4 39. Rb1 Rxd5 0-1

[Event "29. Torneo Collado Villalba 2012 - B"]
[Site "Collado Villalba ESP"]
[Date "2012.08.29"]
[Round "6.28"]
[White "Torres Alvarez, Augusto"]
[Black "Rodriguez Gomez, Jose"]
[Result "0-1"]
[WhiteElo "1561"]
[BlackElo "1716"]
[PlyCount "34"]
[EventDate "2012.08.24"]
[EventType "swiss"]
[EventRounds "9"]
[EventCountry "ESP"]
[Source "lmi"]
[SourceDate "2012.08.24"]

1. d4 d5 2. Nf3 Nf6 3. c4 c6 4. Nc3 e6 5. cxd5 exd5 6. Ne5 Be7 7. Bg5 O-O 8. e3
Nbd7 9. Bxf6 Nxf6 10. Bd3 Re8 11. Qf3 Bd6 12. Nxf7 Kxf7 13. Bxh7 Bg4 14. Nxd5
Bxf3 15. Nxf6 Qxf6 16. gxf3 Qxf3 17. a3 Qxh1+ 0-1

[Event "29. Torneo Collado Villalba 2012 - B"]
[Site "Collado Villalba ESP"]
[Date "2012.08.29"]
[Round "6.29"]
[White "Brasa Olmos, Joaquin"]
[Black "Mataix Fernandez, Ricardo"]
[Result "0-1"]
[WhiteElo "1547"]
[BlackElo "1706"]
[PlyCount "86"]
[EventDate "2012.08.24"]
[EventType "swiss"]
[EventRounds "9"]
[EventCountry "ESP"]
[Source "lmi"]
[SourceDate "2012.08.24"]

1. Nf3 Nf6 2. d4 g6 3. c4 Bg7 4. Nc3 O-O 5. Bf4 d6 6. h3 c6 7. e3 Nbd7 8. Be2
Qb6 9. Rb1 a6 10. O-O Qd8 11. b4 b5 12. c5 d5 13. Qc2 Re8 14. Ne5 Nxe5 15. Bxe5
Nd7 16. Bxg7 Kxg7 17. e4 e6 18. e5 f6 19. f4 f5 20. Rf3 Rg8 21. Kh2 Nf8 22. Rg1
Kf7 23. g4 Bd7 24. gxf5 exf5 25. Rfg3 Ne6 26. Qd2 Qh4 27. Rf1 a5 28. bxa5 Rgb8
29. Rff3 Qd8 30. Bd1 Rxa5 31. Bb3 Rba8 32. Nxd5 cxd5 33. Bxd5 Bc6 34. Bb3 Bd5
35. Rc3 Bxb3 36. Rxb3 Rxa2 37. Rb2 Qd5 38. Rg2 Rxb2 39. Qxb2 Qxd4 40. Qxb5
Qxf4+ 41. Kh1 Ra1+ 42. Rg1 Qf3+ 43. Kh2 Ra2+ 0-1

[Event "29. Torneo Collado Villalba 2012 - B"]
[Site "Collado Villalba ESP"]
[Date "2012.08.29"]
[Round "6.30"]
[White "Perez Perez, Elena"]
[Black "Melcon Diez, Enrique"]
[Result "1-0"]
[WhiteElo "1678"]
[BlackElo "1637"]
[PlyCount "91"]
[EventDate "2012.08.24"]
[EventType "swiss"]
[EventRounds "9"]
[EventCountry "ESP"]
[Source "lmi"]
[SourceDate "2012.08.24"]

1. e4 c5 2. Nf3 g6 3. d4 cxd4 4. Nxd4 Bg7 5. Nc3 Nc6 6. Be3 Nf6 7. Bc4 O-O 8.
Bb3 d6 9. f3 Bd7 10. Qd2 Na5 11. O-O-O Nxb3+ 12. Nxb3 a5 13. g4 b5 14. h4 a4
15. Nd4 h5 16. gxh5 Nxh5 17. Ndxb5 Qa5 18. Nd4 a3 19. b3 Rfc8 20. Nd5 Qd8 21.
Bg5 f6 22. Bh6 e6 23. Nb4 Qc7 24. Bxg7 Kxg7 25. Rhg1 Qc3 26. Qxc3 Rxc3 27. Rd3
Rac8 28. Rxc3 Rxc3 29. Kd2 Rc8 30. c4 Nf4 31. Ke3 e5 32. Ne2 Nxe2 33. Kxe2 Rh8
34. Rd1 Kf7 35. Rxd6 Ke7 36. Ra6 Rxh4 37. Nd5+ Kd8 38. Ra8+ Bc8 39. Nb6 Kc7 40.
Nxc8 Rh2+ 41. Kd3 Rxa2 42. Ne7 Kb7 43. Ra4 g5 44. Nd5 Rf2 45. Ke3 Rc2 46. Rxa3
1-0

[Event "29. Torneo Collado Villalba 2012 - B"]
[Site "Collado Villalba ESP"]
[Date "2012.08.29"]
[Round "6.31"]
[White "Martinez Martinez, Antonio"]
[Black "Gallego Romero, Manuel"]
[Result "0-1"]
[WhiteElo "1667"]
[BlackElo "1679"]
[PlyCount "115"]
[EventDate "2012.08.24"]
[EventType "swiss"]
[EventRounds "9"]
[EventCountry "ESP"]
[Source "lmi"]
[SourceDate "2012.08.24"]

1. e4 e5 2. Nf3 d6 3. h3 Nf6 4. Nc3 a6 5. Bc4 h6 6. d3 Nc6 7. a3 b5 8. Ba2 Be7
9. O-O O-O 10. b4 Re8 11. Ne2 Bf8 12. Nh2 Be6 13. Bb1 d5 14. exd5 Nxd5 15. Nf3
Qf6 16. Ng3 e4 17. dxe4 Qxa1 18. exd5 Rad8 19. Bf4 Bxd5 20. c4 Be4 21. Qb3 Bxb1
22. Rxb1 Qf6 23. Bxc7 Rd7 24. Bb6 Qg6 25. cxb5 axb5 26. Rc1 Ne5 27. Nxe5 Rxe5
28. Be3 Red5 29. Ne2 Qd3 30. Nc3 Rh5 31. Rd1 Qc4 32. Rb1 Qxb3 33. Rxb3 Rd3 34.
g4 Rxh3 35. Kg2 Rh4 36. Kg3 Rh1 37. Kf3 Be7 38. Ke4 Rd8 39. Nxb5 Ra1 40. Nc3
Bf6 41. Nd5 Ra8 42. b5 R1xa3 43. Rxa3 Rxa3 44. b6 Rb3 45. Bc5 Bd8 46. Ke5 f5
47. gxf5 h5 48. f4 h4 49. Kd6 h3 50. Bg1 Bxb6 51. Bh2 Rb2 52. Bg3 Rg2 53. f6
Rxg3 54. Ke7 Bc5+ 55. Ke8 gxf6 56. Nxf6+ Kh8 57. Nh5 Rg8+ 58. Kf7 0-1

[Event "29. Torneo Collado Villalba 2012 - B"]
[Site "Collado Villalba ESP"]
[Date "2012.08.29"]
[Round "6.32"]
[White "Ojosnegros Martin, Angel"]
[Black "Corral Sanchez, Jesus"]
[Result "0-1"]
[WhiteElo "1503"]
[BlackElo "1660"]
[PlyCount "104"]
[EventDate "2012.08.24"]
[EventType "swiss"]
[EventRounds "9"]
[EventCountry "ESP"]
[Source "lmi"]
[SourceDate "2012.08.24"]

1. e4 c5 2. Nf3 d6 3. d4 cxd4 4. Nxd4 Nf6 5. Nc3 a6 6. Be2 e6 7. O-O Be7 8. Be3
Qc7 9. f4 Nc6 10. Bd3 Bd7 11. Qf3 O-O 12. a3 Nxd4 13. Bxd4 e5 14. fxe5 dxe5 15.
Qg3 Bc5 16. Bxc5 Qxc5+ 17. Kh1 Nh5 18. Qf3 Nf6 19. Rae1 Rae8 20. Nd5 Nxd5 21.
exd5 f5 22. Qe2 b5 23. c4 e4 24. Bb1 bxc4 25. Ba2 Bb5 26. a4 Bxa4 27. Bxc4 Bb5
28. b3 Rd8 29. Rd1 Kh8 30. d6 Rxd6 31. Rxd6 Qxd6 32. Bxb5 axb5 33. Qxb5 f4 34.
h3 h6 35. Qc4 Qd3 36. Re1 Qxc4 37. bxc4 e3 38. g4 g5 39. Kg2 Kg7 40. Kf3 Kf6
41. Ke4 Ke6 42. Kd3 Ke5 43. Ra1 Rd8+ 44. Ke2 Ke4 45. Ra6 Rd2+ 46. Ke1 f3 47.
Re6+ Kd3 48. Rd6+ Kc2 49. c5 f2+ 50. Kf1 Rd1+ 51. Rxd1 Kxd1 52. c6 e2+ 0-1

[Event "29. Torneo Collado Villalba 2012 - B"]
[Site "Collado Villalba ESP"]
[Date "2012.08.29"]
[Round "6.33"]
[White "Martin Rodriguez, Jose L"]
[Black "Andres Garcia, Vicente"]
[Result "1-0"]
[WhiteElo "1430"]
[BlackElo "1647"]
[PlyCount "83"]
[EventDate "2012.08.24"]
[EventType "swiss"]
[EventRounds "9"]
[EventCountry "ESP"]
[Source "lmi"]
[SourceDate "2012.08.24"]

1. e4 c5 2. Nf3 d6 3. d4 cxd4 4. Nxd4 Nf6 5. Nc3 a6 6. Bg5 e6 7. f4 Be7 8. e5
dxe5 9. fxe5 Nfd7 10. Bxe7 Qxe7 11. Qh5 O-O 12. O-O-O Nc6 13. Nxc6 bxc6 14. Bd3
g6 15. Qe2 Qg5+ 16. Kb1 Qxe5 17. Qf2 Rb8 18. Na4 Re8 19. Rhf1 Qg7 20. c3 c5 21.
Bxa6 Bxa6 22. Rxd7 Bxf1 23. Qxf1 Red8 24. Nxc5 Rxd7 25. Nxd7 Rb7 26. Qa6 Rxd7
27. Qc8+ Qf8 28. Qxd7 Qa8 29. Qd2 Qe4+ 30. Kc1 e5 31. b3 Kg7 32. Qc2 Qe1+ 33.
Kb2 e4 34. c4 e3 35. Qc3+ Qxc3+ 36. Kxc3 f5 37. Kd3 f4 38. a4 g5 39. Ke2 Kf6
40. a5 g4 41. a6 Ke5 42. a7 1-0

[Event "29. Torneo Collado Villalba 2012 - B"]
[Site "Collado Villalba ESP"]
[Date "2012.08.29"]
[Round "6.35"]
[White "Juez Gastanaga, Aitor"]
[Black "Tevar Becerra, Alvaro"]
[Result "0-1"]
[WhiteElo "1642"]
[BlackElo "1566"]
[PlyCount "72"]
[EventDate "2012.08.24"]
[EventType "swiss"]
[EventRounds "9"]
[EventCountry "ESP"]
[Source "lmi"]
[SourceDate "2012.08.24"]

1. e4 e5 2. f4 exf4 3. Nf3 Nc6 4. Bc4 d6 5. d4 Bg4 6. O-O g5 7. c3 Qd7 8. Qb3
Na5 9. Bb5 Nxb3 10. Bxd7+ Bxd7 11. axb3 f6 12. Re1 a6 13. c4 O-O-O 14. b4 d5
15. c5 dxe4 16. Rxe4 Bc6 17. Re1 Ne7 18. Nc3 g4 19. Nh4 Rxd4 20. Rf1 Rxb4 21.
Rxf4 Rxf4 22. Bxf4 Nd5 23. Nxd5 Bxd5 24. b4 Be4 25. g3 Bg7 26. Ng2 f5 27. Rd1
Rd8 28. Rxd8+ Kxd8 29. Bd2 Kd7 30. Nf4 Kc6 31. Ne2 Bd3 32. Bc3 Bh6 33. Kf2 Bxe2
34. Kxe2 Kd5 35. Kd3 f4 36. Bd4 f3 0-1

[Event "29. Torneo Collado Villalba 2012 - B"]
[Site "Collado Villalba ESP"]
[Date "2012.08.30"]
[Round "7.2"]
[White "***Monmeneu Chulia, Vicente Juan"]
[Black "Martinez, Montalvo Eduardo"]
[Result "1-0"]
[WhiteElo "1998"]
[BlackElo "1825"]
[PlyCount "145"]
[EventDate "2012.08.24"]
[EventType "swiss"]
[EventRounds "9"]
[EventCountry "ESP"]
[Source "lmi"]
[SourceDate "2012.08.24"]

1. d4 Nf6 2. c4 e5 3. dxe5 Ng4 4. Nf3 Bc5 5. e3 Nc6 6. Nc3 O-O 7. Be2 Re8 8.
O-O Ngxe5 9. Nxe5 Nxe5 10. f4 Nc6 11. Bd3 Bxe3+ 12. Bxe3 Rxe3 13. Nd5 Re6 14.
f5 Rh6 15. Qe2 d6 16. Nxc7 Rb8 17. Nd5 Ne5 18. Rf4 Bd7 19. f6 gxf6 20. Raf1
Nxd3 21. Qxd3 f5 22. Qd4 Be6 23. b3 b5 24. Qxa7 Ra8 25. Qe7 bxc4 26. Qxd8+ Rxd8
27. bxc4 Kf8 28. a4 Ra8 29. Ra1 Bxd5 30. cxd5 Rf6 31. a5 Ra6 32. Rb4 Ke7 33.
Rb7+ Kd8 34. Rab1 Rh6 35. Rb8+ Ke7 36. R1b7+ Kf6 37. Rb5 Rg6 38. R8b6 Rxb6 39.
Rxb6 Ke5 40. a6 Rg8 41. Rb5 Ra8 42. Ra5 Kf4 43. Kf2 h5 44. g3+ Kg4 45. h4 f4
46. Ra4 Kf5 47. Rxf4+ Ke5 48. Ra4 f5 49. Ke3 Kxd5 50. Kf4 Kc6 51. a7 Kb6 52.
Kxf5 Kb5 53. Ra1 d5 54. Kg5 d4 55. Kxh5 d3 56. Kg6 Kc4 57. h5 d2 58. Rd1 Kc3
59. h6 Rxa7 60. g4 Ra6+ 61. Kh5 Kc2 62. Rxd2+ Kxd2 63. g5 Ra7 64. g6 Ra5+ 65.
Kg4 Ra4+ 66. Kf5 Ra5+ 67. Kf6 Ra6+ 68. Kg7 Ra7+ 69. Kh8 Ra8+ 70. Kh7 Ra7+ 71.
g7 Kd3 72. Kh8 Ra6 73. h7 1-0

[Event "29. Torneo Collado Villalba 2012 - B"]
[Site "Collado Villalba ESP"]
[Date "2012.08.30"]
[Round "7.4"]
[White "Perez, Alvarez Javier"]
[Black "Rodriguez, Del Pino Daniel"]
[Result "1/2-1/2"]
[WhiteElo "1834"]
[BlackElo "1895"]
[PlyCount "86"]
[EventDate "2012.08.24"]
[EventType "swiss"]
[EventRounds "9"]
[EventCountry "ESP"]
[Source "lmi"]
[SourceDate "2012.08.24"]

1. e4 c5 2. Nf3 d6 3. d4 cxd4 4. Nxd4 Nf6 5. Nc3 a6 6. Be2 e6 7. O-O Be7 8. Be3
O-O 9. a4 Qc7 10. a5 Nbd7 11. Nb3 b5 12. axb6 Nxb6 13. Qd4 Nbd7 14. f4 Bb7 15.
Bf3 e5 16. Qd2 Nb6 17. Na5 Rfc8 18. Nxb7 Qxb7 19. b3 Qc6 20. fxe5 dxe5 21. Nd5
Nbxd5 22. exd5 Qxc2 23. Qxc2 Rxc2 24. d6 e4 25. Bd1 Rc3 26. Bd4 Rd3 27. dxe7
Rxd4 28. Be2 Rd7 29. Rxa6 Rxa6 30. Bxa6 Rxe7 31. Bc4 Ng4 32. Re1 Kf8 33. h3 Nf6
34. Kf2 Nd7 35. g4 Ne5 36. Rxe4 Nxc4 37. Rxe7 Kxe7 38. bxc4 Kd6 39. Ke3 Kc5 40.
Kd3 f6 41. h4 g6 42. h5 gxh5 43. gxh5 f5 1/2-1/2

[Event "29. Torneo Collado Villalba 2012 - B"]
[Site "Collado Villalba ESP"]
[Date "2012.08.30"]
[Round "7.5"]
[White "Juberias, Guillen Paloma"]
[Black "Camarero, Izquierdo Juan C"]
[Result "1-0"]
[WhiteElo "1788"]
[BlackElo "1881"]
[PlyCount "91"]
[EventDate "2012.08.24"]
[EventType "swiss"]
[EventRounds "9"]
[EventCountry "ESP"]
[Source "lmi"]
[SourceDate "2012.08.24"]

1. d4 d5 2. c4 Nf6 3. Nc3 c6 4. e3 e6 5. Nf3 Bd6 6. Bd3 O-O 7. O-O Nbd7 8. Re1
dxc4 9. Bxc4 b5 10. Bd3 b4 11. Ne4 Nxe4 12. Bxe4 Bb7 13. Qc2 f5 14. Bd3 c5 15.
e4 cxd4 16. Nxd4 Rc8 17. Qb3 Nc5 18. Qd1 Bxh2+ 19. Kxh2 Qxd4 20. Bf1 Qxf2 21.
Be3 Qh4+ 22. Kg1 fxe4 23. Qd2 Nd3 24. Bxd3 exd3 25. Qxd3 Bxg2 26. Kxg2 Qg4+ 27.
Kh1 Qh3+ 28. Kg1 Qg3+ 29. Kh1 Rf3 30. Re2 Rcf8 31. Rg1 Rf1 32. Qe4 h6 33. Qxe6+
Kh8 34. Reg2 Rxg1+ 35. Bxg1 Qf3 36. Qg6 Rf7 37. Qg3 Qh5+ 38. Qh2 Qd5 39. Qb8+
Kh7 40. Qxb4 Rf5 41. Qg4 Rg5 42. Qe2 h5 43. Qc2+ Rf5 44. Qc7 Rf7 45. Qc2+ g6
46. Qxg6+ 1-0

[Event "29. Torneo Collado Villalba 2012 - B"]
[Site "Collado Villalba ESP"]
[Date "2012.08.30"]
[Round "7.6"]
[White "Minguela, Munoz Bienvenido"]
[Black "Dominguez Coig, Alvaro"]
[Result "1-0"]
[WhiteElo "1880"]
[BlackElo "1689"]
[PlyCount "98"]
[EventDate "2012.08.24"]
[EventType "swiss"]
[EventRounds "9"]
[EventCountry "ESP"]
[Source "lmi"]
[SourceDate "2012.08.24"]

1. d4 Nf6 2. c4 e5 3. dxe5 Ng4 4. Nf3 Nc6 5. Qd5 Bb4+ 6. Nc3 Qe7 7. Bg5 Qc5 8.
e3 Qxd5 9. cxd5 Ncxe5 10. Nd4 h6 11. Bh4 g5 12. h3 Nf6 13. Bg3 d6 14. Bb5+ Bd7
15. O-O Bxc3 16. bxc3 a6 17. Bxd7+ Kxd7 18. Bxe5 dxe5 19. Nf3 Kd6 20. c4 Ne4
21. Rab1 b6 22. Rb3 h5 23. Rd1 g4 24. hxg4 hxg4 25. Nd2 Rh1+ 26. Kxh1 Nxf2+ 27.
Kg1 Nxd1 28. Kf1 g3 29. Ne4+ Kd7 30. Nxg3 Rg8 31. e4 Nb2 32. Nh5 Nxc4 33. Nf6+
Kd6 34. Nxg8 Nd2+ 35. Ke2 Nxb3 36. axb3 c6 37. dxc6 Kxc6 38. Kd3 Kc5 39. Nh6 f6
40. Ng4 a5 41. Nxf6 b5 42. g4 a4 43. bxa4 bxa4 44. Kc3 Kd6 45. Kb4 Ke6 46. Nd5
Kf7 47. Kxa4 Kg6 48. Kb4 Kg5 49. Kc5 Kxg4 1-0

[Event "29. Torneo Collado Villalba 2012 - B"]
[Site "Collado Villalba ESP"]
[Date "2012.08.30"]
[Round "7.7"]
[White "Ruiz, De Alegria Madariag"]
[Black "Palenciano, Escolar Adrian"]
[Result "0-1"]
[WhiteElo "1879"]
[BlackElo "1640"]
[PlyCount "114"]
[EventDate "2012.08.24"]
[EventType "swiss"]
[EventRounds "9"]
[EventCountry "ESP"]
[Source "lmi"]
[SourceDate "2012.08.24"]

1. d4 Nf6 2. c4 g6 3. Nc3 Bg7 4. e4 d6 5. Nf3 O-O 6. Be2 e5 7. Bg5 h6 8. Bh4
Nc6 9. d5 Ne7 10. Nd2 g5 11. Bg3 Ng6 12. Qc2 a5 13. h4 gxh4 14. Bh2 Ng4 15. g3
Nxh2 16. Rxh2 hxg3 17. fxg3 Bd7 18. O-O-O Qg5 19. Qd3 Bg4 20. Kb1 Bxe2 21. Nxe2
f5 22. Rdh1 Qg4 23. a3 fxe4 24. Nxe4 Rf3 25. Qc2 b6 26. Nf2 Qf5 27. Qxf5 Rxf5
28. Ng4 h5 29. Rxh5 Rxh5 30. Rxh5 Rf8 31. Nc3 Rf3 32. Ne4 Ne7 33. Rg5 Kf7 34.
Nh2 Re3 35. Rg4 Bf6 36. Ng5+ Bxg5 37. Rxg5 Kf6 38. Rg4 Nf5 39. Rg8 Rxg3 40. Rc8
Rg7 41. Rf8+ Kg6 42. Kc2 Nd4+ 43. Kd3 Rf7 44. Rc8 Kf5 45. b4 axb4 46. axb4 Kf4
47. Nf1 Nf5 48. Nd2 Re7 49. Ne4 Rh7 50. Nf2 e4+ 51. Nxe4 Rh3+ 52. Kd2 Kxe4 53.
Rxc7 Kd4 54. Rf7 Rh2+ 55. Ke1 Ng3 56. Rf3 Ne4 57. Rf4 Ke3 0-1

[Event "29. Torneo Collado Villalba 2012 - B"]
[Site "Collado Villalba ESP"]
[Date "2012.08.30"]
[Round "7.8"]
[White "Diaz Begonte, Manuel"]
[Black "***Escalante Ortega, Fernando"]
[Result "1-0"]
[WhiteElo "1776"]
[BlackElo "1867"]
[PlyCount "71"]
[EventDate "2012.08.24"]
[EventType "swiss"]
[EventRounds "9"]
[EventCountry "ESP"]
[Source "lmi"]
[SourceDate "2012.08.24"]

1. d4 c5 2. e3 Nf6 3. Be2 e6 4. c4 Qc7 5. Nc3 a6 6. Nf3 b6 7. d5 exd5 8. Nxd5
Nxd5 9. Qxd5 Bb7 10. Qf5 f6 11. Bd3 Nc6 12. Qh5+ Kd8 13. Bd2 Ne7 14. Bc3 Bc6
15. O-O Kc8 16. e4 d6 17. b4 Ng6 18. Rfd1 Kb7 19. Nh4 Nxh4 20. Qxh4 h5 21. Qf4
Be7 22. b5 Bd7 23. h3 g5 24. Qe3 a5 25. Be2 Raf8 26. f4 gxf4 27. Qxf4 Rfg8 28.
Kh1 Rg6 29. Bf3 Kb8 30. Rd5 Be6 31. Rxh5 Rhg8 32. Rh7 Qd8 33. Rd1 Bxc4 34. e5
Bxb5 35. exd6 Bxd6 36. Rxd6 1-0

[Event "29. Torneo Collado Villalba 2012 - B"]
[Site "Collado Villalba ESP"]
[Date "2012.08.30"]
[Round "7.10"]
[White "Lianes, Garcia Marcos"]
[Black "Alvarez Escudero, Manuel"]
[Result "1/2-1/2"]
[WhiteElo "1627"]
[BlackElo "1826"]
[PlyCount "104"]
[EventDate "2012.08.24"]
[EventType "swiss"]
[EventRounds "9"]
[EventCountry "ESP"]
[Source "lmi"]
[SourceDate "2012.08.24"]

1. e4 e5 2. Nf3 Nc6 3. Bb5 d6 4. d4 exd4 5. Nxd4 Bd7 6. Nc3 Nxd4 7. Bxd7+ Qxd7
8. Qxd4 Ne7 9. Bf4 Nc6 10. Qd2 Be7 11. Nd5 O-O 12. O-O-O Rad8 13. Rhe1 Rfe8 14.
Bg3 Nb8 15. e5 dxe5 16. Bxe5 c6 17. Nxe7+ Qxe7 18. Bd6 Qd7 19. Rxe8+ Qxe8 20.
Re1 Qd7 21. Re7 Qc8 22. Qf4 Rf8 23. b3 Nd7 24. Qf5 Nb6 25. Qxc8 Nxc8 26. Rd7
Nxd6 27. Rxd6 f6 28. Kd2 g5 29. Kd3 Rf7 30. Kd4 Kg7 31. Ke4 Kg6 32. g4 Re7+ 33.
Kf3 a5 34. c4 Re5 35. Rd7 b5 36. cxb5 Rxb5 37. Rc7 Rc5 38. Ra7 h5 39. h3 f5 40.
gxh5+ Kxh5 41. Kg2 Kg6 42. Ra6 Kf6 43. a3 Ke5 44. b4 axb4 45. axb4 Rc4 46. Ra5+
Kf4 47. b5 g4 48. hxg4 Kxg4 49. bxc6 Rxc6 50. Ra4+ Kg5 51. Ra8 Rc4 52. Rg8+ Kf4
1/2-1/2

[Event "29. Torneo Collado Villalba 2012 - B"]
[Site "Collado Villalba ESP"]
[Date "2012.08.30"]
[Round "7.11"]
[White "Garcia, Serrano Jose M"]
[Black "Plazuelo Pascual, Juan"]
[Result "1-0"]
[WhiteElo "1912"]
[BlackElo "1721"]
[PlyCount "71"]
[EventDate "2012.08.24"]
[EventType "swiss"]
[EventRounds "9"]
[EventCountry "ESP"]
[Source "lmi"]
[SourceDate "2012.08.24"]

1. e4 c5 2. d4 cxd4 3. c3 dxc3 4. Nxc3 Nc6 5. Nf3 d6 6. Bc4 a6 7. O-O Nf6 8.
Bg5 e6 9. Qe2 h6 10. Bh4 g5 11. Bg3 Nh5 12. Rad1 Nxg3 13. hxg3 b5 14. Bd3 Bb7
15. Bb1 Be7 16. Nh2 h5 17. f4 Qb6+ 18. Kh1 b4 19. Nd5 exd5 20. exd5 Na7 21.
Rfe1 Qd8 22. fxg5 Nc8 23. g6 Kf8 24. gxf7 Nb6 25. Be4 Nd7 26. Bf5 Ne5 27. Be6
Bc8 28. Nf3 Bf6 29. Nd4 Bd7 30. Rf1 Bg7 31. Bxd7 Qxd7 32. Ne6+ Ke7 33. Nxg7
Raf8 34. Ne6 Rxf7 35. Rxf7+ Nxf7 36. Nc5+ 1-0

[Event "29. Torneo Collado Villalba 2012 - B"]
[Site "Collado Villalba ESP"]
[Date "2012.08.30"]
[Round "7.12"]
[White "***Fernandez Lago, David"]
[Black "Perez, Vazquez Manuel"]
[Result "1-0"]
[WhiteElo "1976"]
[BlackElo "1757"]
[PlyCount "85"]
[EventDate "2012.08.24"]
[EventType "swiss"]
[EventRounds "9"]
[EventCountry "ESP"]
[Source "lmi"]
[SourceDate "2012.08.24"]

1. e4 Nf6 2. Nc3 d5 3. exd5 Nxd5 4. Bc4 Nb6 5. Bb3 Nc6 6. Nge2 Bf5 7. O-O e6 8.
Ng3 Bg6 9. d3 Bd6 10. Nce4 Bxe4 11. Nxe4 O-O 12. Qh5 Be7 13. Ng5 Bxg5 14. Bxg5
Qd7 15. Rfe1 e5 16. g4 Qd6 17. Re3 Qg6 18. Qxg6 hxg6 19. f4 exf4 20. Bxf4 Nd4
21. Re4 Nxb3 22. axb3 Nd5 23. Bg3 a6 24. Rae1 f5 25. Re6 f4 26. Bf2 b6 27. R1e5
Nf6 28. h3 Rae8 29. Rxe8 Rxe8 30. Rxe8+ Nxe8 31. Kg2 Nf6 32. c4 Kf7 33. g5 Nh5
34. Kf3 Ke6 35. Ke4 Ng3+ 36. Kxf4 Ne2+ 37. Ke4 Nc1 38. b4 Nb3 39. Be1 c5 40.
Bc3 cxb4 41. Bxb4 Nc5+ 42. Bxc5 bxc5 43. d4 1-0

[Event "29. Torneo Collado Villalba 2012 - B"]
[Site "Collado Villalba ESP"]
[Date "2012.08.30"]
[Round "7.13"]
[White "Movilla, Calleja David"]
[Black "Garcia, Hernandez Javier"]
[Result "1/2-1/2"]
[WhiteElo "1864"]
[BlackElo "1721"]
[PlyCount "74"]
[EventDate "2012.08.24"]
[EventType "swiss"]
[EventRounds "9"]
[EventCountry "ESP"]
[Source "lmi"]
[SourceDate "2012.08.24"]

1. d4 d5 2. Nf3 Nf6 3. e3 Bf5 4. Bd3 Bxd3 5. Qxd3 c6 6. O-O e6 7. Nbd2 Bd6 8.
e4 dxe4 9. Nxe4 Be7 10. Nxf6+ Bxf6 11. Qe2 Nd7 12. Be3 O-O 13. Rfd1 Qc7 14. Ng5
g6 15. Qg4 Qa5 16. Ne4 Bg7 17. Qh3 Nf6 18. Nxf6+ Bxf6 19. c3 Rfd8 20. Qf3 Bg7
21. a3 Qd5 22. Qe2 Qf5 23. Rd3 Rd5 24. h4 e5 25. Rad1 Rad8 26. R3d2 exd4 27.
Bxd4 Bxd4 28. Rxd4 Rxd4 29. Rxd4 Rxd4 30. cxd4 Qd7 31. Qe5 Qd8 32. g3 f6 33.
Qc5 a6 34. Kf1 Qd7 35. Kg2 Kf7 36. Kf3 Qd5+ 37. Qxd5+ cxd5 1/2-1/2

[Event "29. Torneo Collado Villalba 2012 - B"]
[Site "Collado Villalba ESP"]
[Date "2012.08.30"]
[Round "7.15"]
[White "Leniz, Martinez Francisco"]
[Black "Montoya, Gandia Manuel"]
[Result "0-1"]
[WhiteElo "1834"]
[BlackElo "1690"]
[PlyCount "62"]
[EventDate "2012.08.24"]
[EventType "swiss"]
[EventRounds "9"]
[EventCountry "ESP"]
[Source "lmi"]
[SourceDate "2012.08.24"]

1. e4 c5 2. Nf3 Nc6 3. d4 cxd4 4. Nxd4 Nf6 5. Nc3 e5 6. Ndb5 d6 7. Bg5 a6 8.
Bxf6 gxf6 9. Na3 b5 10. Nd5 Bg7 11. c3 Ne7 12. Nc2 f5 13. a4 bxa4 14. exf5 Nxd5
15. Qxd5 Rb8 16. Qc6+ Bd7 17. Qxd6 Rxb2 18. O-O-O Rb6 19. Qd5 Bh6+ 20. Ne3 Qe7
21. Bc4 Bc6 22. Qd3 O-O 23. Rhe1 Rfb8 24. Re2 Qb7 25. Kd2 Bxg2 26. Rg1 Kh8 27.
Ke1 Rb1+ 28. Nd1 Bf3 29. Qc2 Rc1 30. Qd3 Qb1 31. Qxf3 Rxd1# 0-1

[Event "29. Torneo Collado Villalba 2012 - B"]
[Site "Collado Villalba ESP"]
[Date "2012.08.30"]
[Round "7.16"]
[White "Benito Alba, Eladio"]
[Black "Galan, Aguado Fernando"]
[Result "1-0"]
[WhiteElo "1731"]
[BlackElo "1820"]
[PlyCount "52"]
[EventDate "2012.08.24"]
[EventType "swiss"]
[EventRounds "9"]
[EventCountry "ESP"]
[Source "lmi"]
[SourceDate "2012.08.24"]

1. d4 Nf6 2. Nf3 e6 3. c4 b6 4. g3 Bb4+ 5. Bd2 Qe7 6. Bg2 Bb7 7. O-O Nc6 8. a3
Bxd2 9. Nbxd2 O-O 10. Qc2 Rfc8 11. e4 a5 12. d5 exd5 13. exd5 Nd8 14. Rfe1 Qd6
15. Ne4 Nxe4 16. Qxe4 g6 17. Qe8+ Kg7 18. Re7 Qf6 19. Qxd7 Qd6 20. Nd4 Kf6 21.
Rae1 Qxd7 22. Rxd7 c6 23. Rd6+ Kg7 24. Nxc6 Bxc6 25. dxc6 Rc7 26. Re8 Rac8 1-0

[Event "29. Torneo Collado Villalba 2012 - B"]
[Site "Collado Villalba ESP"]
[Date "2012.08.30"]
[Round "7.17"]
[White "Roldan, Garcia Angel"]
[Black "Rodriguez, Del Moral Angel"]
[Result "1-0"]
[WhiteElo "1734"]
[BlackElo "1780"]
[PlyCount "37"]
[EventDate "2012.08.24"]
[EventType "swiss"]
[EventRounds "9"]
[EventCountry "ESP"]
[Source "lmi"]
[SourceDate "2012.08.24"]

1. e4 c5 2. c3 e6 3. Nf3 a6 4. d4 cxd4 5. cxd4 Nf6 6. Bd3 Be7 7. O-O O-O 8. Nc3
d6 9. Re1 Nbd7 10. e5 dxe5 11. dxe5 Ne8 12. Qc2 h6 13. Qe2 b5 14. Qe4 g6 15.
Qxa8 Nc5 16. Bc2 Nc7 17. Qa7 Nd7 18. Qe3 Kh7 19. Qxh6+ 1-0